Organisational Behaviour (Record no. 890)

MARC details
000 -LEADER
fixed length control field 00429nam a22001697a 4500
005 - DATE AND TIME OF LATEST TRANSACTION
control field 20180725103230.0
008 - FIXED-LENGTH DATA ELEMENTS--GENERAL INFORMATION
fixed length control field 160517b xxu||||| |||| 00| 0 eng d
020 ## - INTERNATIONAL STANDARD BOOK NUMBER
ISBN 978-81-203-3563-3
041 ## - LANGUAGE CODE
Language code of text/sound track or separate title eng
082 ## - DEWEY DECIMAL CLASSIFICATION NUMBER
Item number 2462
Classification number 658.3
100 ## - MAIN ENTRY--AUTHOR NAME
Personal name Stephen P Robbins and Timothy, Judge A
245 ## - TITLE STATEMENT
Title Organisational Behaviour
260 ## - PUBLICATION, DISTRIBUTION, ETC. (IMPRINT)
Place of publication New Delhi
Name of publisher PHI,
Year of publication 2007
300 ## - PHYSICAL DESCRIPTION
Number of Pages 671p,
650 ## - SUBJECT ADDED ENTRY--TOPICAL TERM
Topical Term Management
942 ## - ADDED ENTRY ELEMENTS (KOHA)
Koha item type Books
Holdings
Lost status Damaged status Collection code Home library Current library Shelving location Date acquired Cost, normal purchase price Full call number Accession Number Koha item type
    MANAGEMENT JRU Library JRU Library   17/05/2016 450.00 658.3 2462 Books